Normal view
MARC view
- RAMYA R
Entry Personal Name
001 - CONTROL NUMBER
- control field: 3982
003 - CONTROL NUMBER IDENTIFIER
- control field: OSt
005 - DATE AND TIME OF LATEST TRANSACTION
- control field: 20181121103656.0
008 - FIXED-LENGTH DATA ELEMENTS
- fixed length control field: 181121|| aca||aabn | a|a d
040 ## - CATALOGING SOURCE
- Original cataloging agency: OSt
- Transcribing agency: OSt
100 ## - HEADING--PERSONAL NAME
- Personal name: RAMYA R
670 ## - SOURCE DATA FOUND
- Source citation: Work cat.: (OSt): RAMYA R, DESIGN AND DEVELOPMENT OF ARTIFICIAL POLLINIZER FOR POLLINATING TROPICAL VEGETABLES UNDER PROTECTED CULTIVATION, 2018
